000 00292 a2200133 4500
001 155730
040 _cEscola São Tomás de Aquino
100 _aSOUZA, Maurício
240 1 0 _aLobisomem
_lpor
245 1 0 _aLobisomem
440 1 _aGirassol
697 _a*LITERATURA INFANTIL
942 _cBK
999 _c155730
_d155730